000
00299nam a22001337a 4500
008
180316b xxu||||| |||| 00| 0 eng d
020
_a
9780471468271
041
_a
eng
080
_2
2nd
_a
51
100
_a
37
101
_a
MAT
245
_a
Functions modeling change
_c
Garner,B.E
942
_2
udc
_c
BK
999
_c
45188
_d
45188